| 000 | 00405nam a22001697a 4500 | ||
|---|---|---|---|
| 003 | MPLRDC | ||
| 005 | 20220104165012.0 | ||
| 008 | 210129b ||||| |||| 00| 0 eng d | ||
| 020 | _a983-9839-41-1 | ||
| 082 | _a567.5 CHU | ||
| 100 | _aGOH CHEN CHUAN | ||
| 245 |
_aGUIDE TO MALAYSIAN BUSINESS TAXATION _c |
||
| 260 |
_a _bLEES PUBLICATIONS _c |
||
| 300 | _b平 | ||
| 650 | _a | ||
| 942 |
_cBK _o567.5 CHU |
||
| 999 |
_c57248 _d57238 |
||